V priestoroch staromestskej radnice našli telo aktivačného pracovníka

Podrobná bibliografia
Hlavný autor: Ogurčáková, Jana (Autor)
Médium: Článok
Jazyk:slovenčina
Fyzický popis:Fotografie
ISSN:2585-7355
Predmet:
On-line prístup:https://kosice.korzar.sme.sk/c/22825411/v-priestoroch-staromestskej-radnice-nasli-telo-aktivacneho-pracovnika.html

MARC

LEADER 00000nab a2200000u 4500
001 vtls012085512
003 SK-MaSNL
005 20260305043649.0
008 220131|20220124xo ||||||| || ||slo|
038 |a KEVKJB 
040 |a KEVKJB  |b slo  |e rda 
041 0 |a slo 
043 |a e-xo--- 
044 |a xo  |c SK 
072 7 |a 352/354  |x Stupne miestnej, oblastnej a ústrednej správy  |2 konspekt 
080 |a 352  |2 2011 
100 1 |a Ogurčáková, Jana  |4 aut  |9 835010 
245 1 0 |a V priestoroch staromestskej radnice našli telo aktivačného pracovníka  |c Jana Ogurčáková 
300 |b Fotografie 
336 |a text  |b txt  |2 rdacontent 
337 |a bez média  |b n  |2 rdamedia 
338 |a zväzok  |b nc  |2 rdacarrier 
610 1 7 |a Staré Mesto (Košice I, Slovensko).  |b Miestny úrad  |2 SNKKA  |9 104577 
650 0 7 |a úmrtie  |2 SNKPH  |9 3886 
651 7 |a Košice (Slovensko)  |2 SNKPHgeo  |9 18694 
651 7 |a Staré Mesto (Košice I, Slovensko)  |2 SNKPHgeo  |9 160203 
773 0 |t Korzár  |g Roč. XXV., č. 15 (24.1.2022), s. 2  |x 2585-7355 
852 |a KEVKJB  |b KIS3GCP 
856 4 1 |u https://kosice.korzar.sme.sk/c/22825411/v-priestoroch-staromestskej-radnice-nasli-telo-aktivacneho-pracovnika.html 
999 |c 3354511  |d 3356441